| 000 | 00850nam a2200241 a 4500 | ||
|---|---|---|---|
| 999 |
_c11567 _d11567 |
||
| 001 | 11567 | ||
| 003 | BD-JhCC | ||
| 005 | 20210308090927.0 | ||
| 008 | 200329s19912019b |||| |||| 00| 0 en d | ||
| 020 | _a9789845980241 | ||
| 035 | _a(BD-JhCC)11567 | ||
| 040 |
_aBD-JhCC _dBD-JhCC |
||
| 041 | _aben | ||
| 082 |
_a923.1 _bPAY 2019 |
||
| 100 | _aপেইন, রবার্ট | ||
| 245 |
_aপাকিস্তানের কারাগারে বঙ্গবন্ধু / _cরবার্ট পেইন এবং অনু. ওবায়দুল কাদের |
||
| 260 |
_aঢাকা : _bচারুলিপি, _c২০১৯ |
||
| 300 |
_a১৪৩ পৃ. : _c২০ সেমি. |
||
| 600 | _aRahaman, shekh Mojibur | ||
| 650 | _aBiography | ||
| 700 | _aকাদের, ওবায়দুল | ||
| 942 |
_2ddc _cBK |
||